MARC

LEADER 00000nam0a2200000 4500
001 294038
005 20231102000643.0
035 |a (RuTPU)RU\TPU\book\319088 
090 |a 294038 
100 |a 20150508d1983 k y0rusy50 ca 
101 0 |a rus 
102 |a RU 
105 |a y z 001zy 
200 1 |a Квалиметрические аспекты управления качеством новой техники  |e [монография]  |f Ю. М. Андрианов, М. В. Лопатин 
210 |a Ленинград  |c Изд-во Ленинградского ун-та  |d 1983 
215 |a 288 с. 
320 |a Библиогр.: с. 282-288 
606 1 |a Квалиметрия  |x Качество  |2 stltpush  |3 (RuTPU)RU\TPU\subj\14194  |9 40653 
610 1 |a новая техника 
610 1 |a создание 
610 1 |a процессы 
610 1 |a управление 
610 1 |a измерение 
610 1 |a оценка 
610 1 |a методы 
610 1 |a математическое моделирование 
610 1 |a технический уровень 
610 1 |a технико-экономический анализ 
610 1 |a научно-исследовательские разработки 
610 1 |a опытно-конструкторские разработки 
610 1 |a НИОКР 
610 1 |a монографии 
675 |a 658.562  |v 4 
700 1 |a Андрианов  |b Ю. М.  |g Юрий Михайлович 
701 1 |a Лопатин  |b М. В.  |g Михаил Валентинович 
801 1 |a RU  |b 63413507  |c 20150508 
801 2 |a RU  |b 63413507  |c 20181128  |g RCR 
942 |c BK